PRACTICAL CLINICAL BIOCHEMISTRY VOL I (Record no. 275531)

MARC details
000 -LEADER
fixed length control field 00372pam a2200145a 44500
008 - FIXED-LENGTH DATA ELEMENTS--GENERAL INFORMATION
fixed length control field 230405s xxu||||| |||| 00| 0 eng d
041 ## - LANGUAGE CODE
Language code of text/sound track or separate title ENG
100 ## - MAIN ENTRY--PERSONAL NAME
Personal name VARLEY H / GOWENLOCK
245 ## - TITLE STATEMENT
Title PRACTICAL CLINICAL BIOCHEMISTRY VOL I
250 ## - EDITION STATEMENT
Edition statement 5 1991
260 ## - PUBLICATION, DISTRIBUTION, ETC.
Place of publication, distribution, etc. NEW DELHI
Name of publisher, distributor, etc. CBS PUBLISHERS DELHI
Date of publication, distribution, etc.
300 ## - PHYSICAL DESCRIPTION
Extent 1277
650 ## - SUBJECT ADDED ENTRY--TOPICAL TERM
Topical term or geographic name entry element PHARMACEUTICAL CHEMISTRY
906 ## - LOCAL DATA ELEMENT F, LDF (RLIN)
a 260

No items available.